Camboya: ¿justicia 30 aǫs despuš?

Bibliographic Details
Format: eBook
Language:Spanish
Published: Barcelona: Editorial vLex, 2017
Subjects:
Online Access:Acceso restringido

MARC

LEADER 00000nam a22000007a 4500
005 20180518231828.0
007 cr|||| |||
008 180518s2017 kh |||||s|||| 00||0 spa d
035 |a 21071 
040 |a vLex 
090 |c 7989  |d 7989 
245 0 0 |a Camboya: ¿justicia 30 aǫs despuš?  |h [Recurso electrn̤ico] / 
256 |a Servicio en ln̕ea 
260 |a Barcelona:  |b Editorial vLex,  |c 2017 
300 |a 1 recurso electrn̤ico 
506 1 |a Disponible solo en los productos indicados  |d vLex Global  |d vLex Global (Academic Edition, excluding Law Schools)  |d vLex Global (U.S. Academic Edition, Law Schools)  |d vLex Global (U.S. Academic Edition, excluding Law Schools)  |d vLex Global (Academic Edition, Law Schools) 
650 0 4 |a Derecho Civil  |z Camboya 
740 0 |a vLex Libros (Servicio en ln̕ea) 
856 4 0 |u http://vlex.com/source/camboya-justicia-30-a-os-despues--21071  |z Acceso restringido 
942 |c BOOK 
999 0 |a Civil Law